000 00425nam a22001697a 4500
003 NUST - PNEC
005 20170116181004.0
008 150905b xxu||||| |||| 00| 0 eng d
020 _a070727589
040 _cLIBRARY
082 _a621.381076 ZBA
100 _97982
_aZbar, Paul B.
245 _aBasic electronics
_cPaul B. Zbar
250 _a3rd ed.
650 _97984
_aElectronic Engineering
_xEE, EL
942 _2ddc
_cBK
999 _c66829
_d66829